000
00219 a2200109 4500
020
_a
9780718039776
041
_a
eng
100
_a
Max Lucado
245
_a
Miracle at the Higher grunds Cafe
942
_c
BK
952
_7
1
999
_c
19587
_d
19587